[Event "4NCL Division 4 South"]
[Site "Daventry, ENG"]
[Date "2019.02.10"]
[Round "6.165"]
[White "Cuthbert, Larissa"]
[Black "Sartain, Patrick"]
[Result "0-1"]
[WhiteElo "1412"]
[BlackElo "1476"]
[PlyCount "114"]
[EventDate "2019.02.10"]
[WhiteTeam "Wessex C"]
[BlackTeam "Cambridge University 3"]

1. e4 g6 2. d4 d6 3. Nf3 Bg7 4. Nc3 Nf6 5. Bc4 O-O 6. O-O c6 7. Be3 a5 8. a4
Re8 9. Qd2 Bg4 10. Ng5 d5 11. exd5 cxd5 12. Bb3 h6 13. Nh3 Bxh3 14. gxh3 Kh7
15. Ne2 Ne4 16. Qd3 e5 17. c4 exd4 18. Nxd4 Nc5 19. Qc2 Nxb3 20. Qxb3 dxc4 21.
Qxb7 Nd7 22. Nb5 Rb8 23. Qd5 Ne5 24. Qxd8 Rexd8 25. Rad1 Nd3 26. Na7 Rxb2 27.
Rb1 c3 28. Rxb2 Nxb2 29. Nc6 Rd5 30. Bc1 Nxa4 31. f3 Nb6 32. Kg2 a4 33. Nb4 Rb5
34. Na2 Nc4 35. Rf2 Nb2 36. Rc2 Rb3 37. Kf2 Nd3+ 38. Ke2 Nxc1+ 39. Rxc1 Rb2+
40. Kd3 Rxa2 41. f4 Rd2+ 42. Kc4 Rxh2 43. Ra1 c2 44. Rc1 Bb2 45. Rxc2 Rxc2+ 46.
Kd3 Rc3+ 47. Kd2 Rxh3 48. f5 gxf5 49. Kc2 a3 50. Kb1 f4 51. Ka2 f3 52. Kb1 f2
53. Kc2 f1=Q 54. Kd2 Qd3+ 55. Ke1 Bc3+ 56. Kf2 Qf3+ 57. Kg1 Rh1# 0-1

[Event "4NCL Division 4 South"]
[Site "Daventry, ENG"]
[Date "2019.02.10"]
[Round "6.166"]
[White "Goldsmith, Jennifer"]
[Black "Deacon, Nicholas"]
[Result "1-0"]
[WhiteElo "1338"]
[BlackElo "1067"]
[PlyCount "91"]
[EventDate "2019.02.10"]
[WhiteTeam "Cambridge University 3"]
[BlackTeam "Wessex C"]

1. d4 d5 2. Nf3 Nf6 3. Bf4 Bf5 4. Nbd2 e6 5. h3 c5 6. e3 Nc6 7. c3 Rc8 8. Be2
cxd4 9. exd4 Bd6 10. Bxd6 Qxd6 11. O-O O-O 12. Re1 Ne4 13. Nh4 Nxd2 14. Nxf5
exf5 15. Qxd2 Rfe8 16. Bd3 Rxe1+ 17. Rxe1 g6 18. Qg5 Qd7 19. Qg3 Re8 20. Rxe8+
Qxe8 21. Bxf5 Ne7 22. Bd3 Kf8 23. Qe5 Kg8 24. Bc2 Qf8 25. Bb3 Qd8 26. Qf6 Qf8
27. Qd6 Nf5 28. Qxf8+ Kxf8 29. Bxd5 b6 30. Kf1 f6 31. Ke2 Ke7 32. Kd3 Nd6 33.
Be4 Ke6 34. f4 f5 35. d5+ Kf6 36. Bf3 g5 37. g3 gxf4 38. gxf4 b5 39. b3 a5 40.
Kd4 Nb7 41. Be2 b4 42. c4 h6 43. c5 Ke7 44. Ba6 Nd8 45. Ke5 Nf7+ 46. Kxf5 1-0

[Event "4NCL Division 4 South"]
[Site "Daventry, ENG"]
[Date "2019.02.10"]
[Round "6.171"]
[White "Gogna, Avi"]
[Black "Sanfey, Peter"]
[Result "1-0"]
[WhiteElo "1630"]
[BlackElo "1450"]
[PlyCount "83"]
[EventDate "2019.02.10"]
[WhiteTeam "Watford 2"]
[BlackTeam "Barnet Knights 4"]

1. d4 Nf6 2. Nf3 d5 3. c4 e6 4. g3 dxc4 5. Qa4+ Bd7 6. Qxc4 b5 7. Qc2 g6 8. Bg2
Bc6 9. O-O Bd6 10. Nbd2 O-O 11. b3 a5 12. Bb2 Re8 13. Rac1 Ra6 14. e4 Bb4 15.
a3 Bxd2 16. Nxd2 Re7 17. d5 Rd7 18. Bxf6 Qxf6 19. dxc6 Rxc6 20. Qa2 Rcd6 21.
Nf3 Qd8 22. Qe2 Nc6 23. Qxb5 Nd4 24. Nxd4 Rxd4 25. Qxa5 f5 26. exf5 exf5 27.
Rfe1 Kf7 28. Qe5 Rd3 29. Qe6+ Kf8 30. Bf1 Rf3 31. Bb5 Rd2 32. Qe8+ Qxe8 33.
Rxe8+ Kg7 34. Rxc7+ Kh6 35. Re2 Rd1+ 36. Kg2 Rxb3 37. Ba4 Rbd3 38. Bxd1 Rxd1
39. Ra2 Rd8 40. a4 Ra8 41. a5 Ra6 42. Rb7 1-0

[Event "4NCL Division 4 South"]
[Site "Daventry, ENG"]
[Date "2019.02.10"]
[Round "6.172"]
[White "Gilmore, Jonny"]
[Black "Nielsen, Geir Erik"]
[Result "1/2-1/2"]
[WhiteElo "1375"]
[BlackElo "1577"]
[PlyCount "59"]
[EventDate "2019.02.10"]
[WhiteTeam "Barnet Knights 4"]
[BlackTeam "Watford 2"]

1. d4 e6 2. c4 b6 3. Nf3 Bb7 4. Nc3 f5 5. Bg5 Nf6 6. g3 Be7 7. Bg2 O-O 8. O-O
d6 9. Re1 Ne4 10. Bxe7 Qxe7 11. Qc2 Nxc3 12. Qxc3 Nd7 13. Qd2 Rad8 14. Ng5 Bxg2
15. Kxg2 e5 16. d5 f4 17. Ne6 Nc5 18. Nxd8 Qxd8 19. f3 Qg5 20. g4 h5 21. h3 Ne4
22. Qc2 Ng3 23. e3 hxg4 24. hxg4 Nf5 25. exf4 exf4 26. Qe4 Ne3+ 27. Rxe3 fxe3
28. Qe6+ Rf7 29. Qe8+ Rf8 30. Qe6+ 1/2-1/2

[Event "4NCL Division 4 South"]
[Site "Daventry, ENG"]
[Date "2019.02.10"]
[Round "6.173"]
[White "Morrell, Sean"]
[Black "Wolstenholme, Scarlet"]
[Result "1-0"]
[WhiteElo "1487"]
[BlackElo "1307"]
[PlyCount "91"]
[EventDate "2019.02.10"]
[WhiteTeam "Watford 2"]
[BlackTeam "Barnet Knights 4"]

1. e4 e5 2. Nf3 Nc6 3. Bc4 Bc5 4. c3 d6 5. d4 exd4 6. cxd4 Bb4+ 7. Bd2 Bxd2+ 8.
Nbxd2 Bg4 9. Qa4 Bd7 10. Qc2 Nh6 11. O-O O-O 12. e5 dxe5 13. dxe5 Bf5 14. Qc3
Re8 15. Rfe1 Qe7 16. Re2 Ng4 17. Rae1 Nb4 18. e6 Bxe6 19. Bxe6 fxe6 20. Rxe6
Qf8 21. Rxe8 Rxe8 22. Qc4+ Kh8 23. Rxe8 Qxe8 24. Qxb4 Nf6 25. Qxb7 Qd8 26. Qxa7
h6 27. a4 Kh7 28. a5 Ne4 29. Qe3 Nxd2 30. Qxd2 Qb8 31. h3 Qa7 32. Qd3+ Kh8 33.
a6 Kg8 34. Qb3+ Kh7 35. Qb7 Qxb7 36. axb7 Kg6 37. b8=Q Kh7 38. Qxc7 Kh8 39. Ne5
Kh7 40. Qf7 Kh8 41. b4 Kh7 42. b5 Kh8 43. b6 Kh7 44. b7 Kh8 45. b8=R+ Kh7 46.
Qg8# 1-0

[Event "4NCL Division 4 South"]
[Site "Daventry, ENG"]
[Date "2019.02.10"]
[Round "6.174"]
[White "Ibrahim, Amir"]
[Black "Ruzhansky, Elias"]
[Result "1/2-1/2"]
[WhiteElo "1300"]
[BlackElo "1472"]
[PlyCount "38"]
[EventDate "2019.02.10"]
[WhiteTeam "Barnet Knights 4"]
[BlackTeam "Watford 2"]

1. e4 c5 2. Nf3 e6 3. d4 cxd4 4. Nxd4 Nf6 5. Nc3 Bb4 6. Bd3 d5 7. O-O Bxc3 8.
bxc3 dxe4 9. Bc4 O-O 10. Ba3 Re8 11. Qe2 Bd7 12. Qe3 h6 13. Rad1 Qa5 14. Bb4
Qg5 15. f4 Qh4 16. Nb5 Bxb5 17. Bxb5 Qxh2+ 18. Kxh2 Ng4+ 19. Kg3 Nxe3 1/2-1/2

[Event "4NCL Division 4 South"]
[Site "Daventry, ENG"]
[Date "2019.02.10"]
[Round "6.175"]
[White "Ramesh, Karthik R"]
[Black "Ford, Stephen"]
[Result "1-0"]
[WhiteElo "1322"]
[BlackElo "1225"]
[PlyCount "71"]
[EventDate "2019.02.10"]
[WhiteTeam "Watford 2"]
[BlackTeam "Barnet Knights 4"]

1. d4 d5 2. Bf4 e6 3. e3 Nd7 4. Nf3 c6 5. Bd3 Bb4+ 6. c3 Ba5 7. Nbd2 Ngf6 8.
Bg5 Nb6 9. b4 Nc4 10. Bxf6 gxf6 11. bxa5 Nb2 12. Qb1 Na4 13. Qb4 b5 14. e4 f5
15. exd5 exd5 16. Ne5 Qc7 17. Be2 h5 18. Ndf3 f6 19. Ng6 Rg8 20. Nfh4 Kf7 21.
Bxh5 Re8+ 22. Ne5+ Ke6 23. Bf7+ Qxf7 24. Nxf7 Kxf7+ 25. Kd2 Re4 26. g3 Bd7 27.
Qd6 Re6 28. Qxd7+ Kf8 29. Ng6+ Kg8 30. Qxe6+ Kg7 31. Qxf5 Kh6 32. Nh4 Rg8 33.
Qxf6+ Kh7 34. Rhe1 Rg7 35. Qf5+ Kg8 36. Re8# 1-0

[Event "4NCL Division 4 South"]
[Site "Daventry, ENG"]
[Date "2019.02.10"]
[Round "6.176"]
[White "Vaidya, Pranav"]
[Black "Dasgupta, Avyukt"]
[Result "0-1"]
[WhiteElo "820"]
[BlackElo "1255"]
[PlyCount "50"]
[EventDate "2019.02.10"]
[WhiteTeam "Barnet Knights 4"]
[BlackTeam "Watford 2"]

1. e4 e6 2. d4 d5 3. Nd2 c5 4. c3 Nc6 5. Ngf3 Qb6 6. Bd3 Bd7 7. O-O cxd4 8.
cxd4 Nxd4 9. Nxd4 Qxd4 10. Nf3 Qb6 11. e5 Bc5 12. b3 Ne7 13. Qe2 Nf5 14. Bd2
Nd4 15. Nxd4 Bxd4 16. Rac1 O-O 17. Qe1 Rac8 18. Ba5 Rxc1 19. Bxb6 Rxe1 20. Rxe1
axb6 21. a4 b5 22. Rc1 bxa4 23. Rc7 Bc6 24. bxa4 Bxe5 25. Kf1 Bxc7 0-1

[Event "4NCL Division 4 South"]
[Site "Daventry, ENG"]
[Date "2019.04.13"]
[Round "7.11"]
[White "Nelson, Omowale"]
[Black "Cooksey, Paul S"]
[Result "0-1"]
[WhiteElo "2012"]
[BlackElo "2278"]
[PlyCount "70"]
[EventDate "2019.04.13"]
[WhiteTeam "Watford 1"]
[BlackTeam "Crowthorne 1"]

1. d4 d5 2. c4 c6 3. Nf3 Nf6 4. g3 dxc4 5. Bg2 Nbd7 6. O-O g6 7. a4 a5 8. Na3
Nb6 9. Ne5 Be6 10. Qc2 Bg7 11. Rd1 Nfd5 12. Bd2 O-O 13. e4 Nb4 14. Bxb4 axb4
15. Naxc4 Nxc4 16. Nxc4 Bxd4 17. a5 c5 18. Nb6 Rxa5 19. Rxa5 Qxb6 20. Rda1 c4
21. Ra8 c3 22. Rxf8+ Kxf8 23. b3 Kg7 24. Bf1 Qc5 25. Rd1 Bg4 26. Ra1 h5 27. Kg2
h4 28. h3 Be6 29. Rd1 hxg3 30. fxg3 Be5 31. Re1 Qd6 32. Rd1 Qc7 33. g4 Qc5 34.
Rd3 Bc7 35. Kf3 Qe5 0-1

[Event "4NCL Division 4 South"]
[Site "Daventry, ENG"]
[Date "2019.04.13"]
[Round "7.12"]
[White "Purdon, Colin"]
[Black "Karamazondo, Ernest"]
[Result "1/2-1/2"]
[WhiteElo "2061"]
[BlackElo "1937"]
[PlyCount "80"]
[EventDate "2019.04.13"]
[WhiteTeam "Crowthorne 1"]
[BlackTeam "Watford 1"]

1. d4 Nf6 2. c4 e5 3. dxe5 Ng4 4. Nf3 Bc5 5. e3 Nc6 6. Be2 O-O 7. O-O Ngxe5 8.
Nxe5 Nxe5 9. Nc3 Re8 10. b3 a5 11. Bb2 Ra6 12. Qd5 Qe7 13. Ne4 Ba7 14. c5 Rh6
15. f4 Ng6 16. Bc4 d6 17. Qd4 Qf8 18. Ng5 Nh8 19. Qd3 Bxc5 20. Rae1 Qe7 21. Rf3
c6 22. Rg3 d5 23. Nxf7 Rg6 24. Nh6+ gxh6 25. Qc3 Kf7 26. Rxg6 hxg6 27. Qg7+ Ke6
28. Qxh6 Nf7 29. Qxg6+ Kd7 30. Bd3 Bxe3+ 31. Kh1 Kc7 32. Bd4 Qb4 33. Rxe3 Rxe3
34. Bxe3 Qe1+ 35. Bg1 Nd6 36. Qg7+ Bd7 37. Qd4 Qe7 38. a4 Ne4 39. Bxe4 Qxe4 40.
Qxe4 dxe4 1/2-1/2

[Event "4NCL Division 4 South"]
[Site "Daventry, ENG"]
[Date "2019.04.13"]
[Round "7.13"]
[White "Lancaster, Roger"]
[Black "Duckers, Harvey L"]
[Result "1/2-1/2"]
[WhiteElo "1945"]
[BlackElo "1990"]
[PlyCount "46"]
[EventDate "2019.04.13"]
[WhiteTeam "Watford 1"]
[BlackTeam "Crowthorne 1"]

1. e4 c5 2. Nc3 e6 3. g3 Nc6 4. Bg2 g6 5. d3 Bg7 6. Be3 b6 7. Qd2 Bb7 8. Nge2
d6 9. d4 Nge7 10. Rd1 O-O 11. O-O e5 12. dxc5 dxc5 13. f4 f6 14. Nd5 Nxd5 15.
exd5 Nd4 16. c3 Nxe2+ 17. Qxe2 Qd6 18. c4 Rae8 19. Qd3 e4 20. Qc2 Bc8 21. Rfe1
f5 22. Rd2 Bd7 23. a4 a5 1/2-1/2

[Event "4NCL Division 4 South"]
[Site "Daventry, ENG"]
[Date "2019.04.13"]
[Round "7.14"]
[White "Tart, Peter K"]
[Black "Luberto, Michael"]
[Result "1-0"]
[WhiteElo "1933"]
[BlackElo "1930"]
[PlyCount "71"]
[EventDate "2019.04.13"]
[WhiteTeam "Crowthorne 1"]
[BlackTeam "Watford 1"]

1. e4 g6 2. d4 Bg7 3. Nc3 d6 4. Be3 Nf6 5. Nf3 O-O 6. Qd2 a6 7. Bh6 e5 8. Bxg7
Kxg7 9. dxe5 dxe5 10. Nxe5 Qe7 11. f4 Nbd7 12. Nxd7 Rd8 13. Bd3 Rxd7 14. O-O-O
b5 15. e5 Nd5 16. Nxd5 Rxd5 17. Qe2 Be6 18. g4 Qc5 19. Rhe1 Rd4 20. f5 Bxa2 21.
f6+ Kh8 22. Qe3 Be6 23. c3 Rd5 24. Qf4 Rad8 25. Bc2 Qf8 26. h4 h6 27. Rxd5 Bxd5
28. g5 h5 29. e6 Bxe6 30. Bxg6 Qd6 31. Qxd6 Rxd6 32. Bxh5 Kh7 33. Rd1 Rc6 34.
Bf3 Rc4 35. Rd4 c5 36. Be4+ 1-0

[Event "4NCL Division 4 South"]
[Site "Daventry, ENG"]
[Date "2019.04.13"]
[Round "7.15"]
[White "Sloan, Cecil"]
[Black "Cross, Mark"]
[Result "1/2-1/2"]
[WhiteElo "1772"]
[BlackElo "1751"]
[PlyCount "63"]
[EventDate "2019.04.13"]
[WhiteTeam "Watford 1"]
[BlackTeam "Crowthorne 1"]

1. e4 b6 2. d4 Bb7 3. Nc3 e6 4. Nf3 Bb4 5. Bd3 Nf6 6. Bg5 h6 7. Bxf6 Qxf6 8. a3
Bxc3+ 9. bxc3 Qf4 10. Qd2 Qd6 11. Ne5 O-O 12. O-O c5 13. Nc4 Qc6 14. Qf4 d5 15.
exd5 Qxd5 16. Ne3 Qd7 17. dxc5 bxc5 18. Rfd1 Qe7 19. Nc4 Rd8 20. Na5 Nc6 21.
Nxb7 Qxb7 22. Qe4 g6 23. Qe3 Qe7 24. Qxh6 Qf6 25. Be4 Rac8 26. Rxd8+ Qxd8 27.
Bxc6 Rxc6 28. Qe3 Rd6 29. g3 Rd1+ 30. Rxd1 Qxd1+ 31. Kg2 Qd5+ 32. Kg1 1/2-1/2

[Event "4NCL Division 4 South"]
[Site "Daventry, ENG"]
[Date "2019.04.13"]
[Round "7.16"]
[White "Upham, John E"]
[Black "Mead-Herbert, Bradley"]
[Result "1-0"]
[WhiteElo "1630"]
[BlackElo "1585"]
[PlyCount "55"]
[EventDate "2019.04.13"]
[WhiteTeam "Crowthorne 1"]
[BlackTeam "Watford 1"]

1. d4 d5 2. Nf3 c6 3. c4 Bf5 4. Nc3 Nf6 5. cxd5 cxd5 6. Qb3 b6 7. Bg5 e6 8. e3
a6 9. Ne5 Bd6 10. Qa4+ Nbd7 11. Bxf6 gxf6 12. Nxd7 b5 13. Nxf6+ Ke7 14. Nfxd5+
exd5 15. Qd1 Bb4 16. Be2 Rg8 17. Bf3 Be4 18. Bxe4 dxe4 19. O-O f5 20. f3 Ke8
21. fxe4 Qg5 22. Qf3 Bxc3 23. bxc3 Ra7 24. exf5 Re7 25. Rae1 Reg7 26. Re2 h5
27. Qf4 Qe7 28. f6 1-0

[Event "4NCL Division 4 South"]
[Site "Daventry, ENG"]
[Date "2019.04.13"]
[Round "7.21"]
[White "Mercs, Peter J"]
[Black "Simons, Martin J"]
[Result "1-0"]
[WhiteElo "2087"]
[BlackElo "2005"]
[PlyCount "61"]
[EventDate "2019.04.13"]
[WhiteTeam "Ashfield 1"]
[BlackTeam "Wessex B"]

1. e4 d6 2. d4 Nf6 3. Nc3 Nbd7 4. Nf3 e5 5. Be2 Be7 6. O-O c6 7. a4 Qc7 8. h3
h6 9. Re1 Nf8 10. Bf1 g5 11. Nh2 Ng6 12. a5 Nf4 13. a6 b6 14. d5 Bd7 15. dxc6
Bxc6 16. Bxf4 gxf4 17. Bb5 h5 18. Qe2 Rc8 19. Ra4 Bxb5 20. Nxb5 Qd7 21. Rc4
Rxc4 22. Qxc4 O-O 23. Nc3 Kh7 24. Rd1 Kg6 25. Nf3 Qe6 26. Qc7 Rc8 27. Qxa7 Nxe4
28. Nxe4 d5 29. Qb7 dxe4 30. Qxe4+ Qf5 31. Rd6+ 1-0

[Event "4NCL Division 4 South"]
[Site "Daventry, ENG"]
[Date "2019.04.13"]
[Round "7.22"]
[White "Duggan, Michael F G"]
[Black "Jarvis, Derek A"]
[Result "1-0"]
[WhiteElo "2017"]
[BlackElo "2065"]
[PlyCount "97"]
[EventDate "2019.04.13"]
[WhiteTeam "Wessex B"]
[BlackTeam "Ashfield 1"]

1. d4 d5 2. Nc3 Nf6 3. Bf4 Bf5 4. e3 e6 5. Bd3 c6 6. Nf3 Nbd7 7. h3 Bb4 8. O-O
Ne4 9. Bxe4 dxe4 10. Nd2 g5 11. Bh2 Bxc3 12. bxc3 Nb6 13. c4 h5 14. f3 exf3 15.
Qxf3 g4 16. hxg4 hxg4 17. Qf4 Qh4 18. e4 Bg6 19. c5 Nd7 20. Nc4 O-O 21. Bg3 Qh5
22. Kf2 Nxc5 23. dxc5 Qxc5+ 24. Ne3 f5 25. e5 Rad8 26. Qh6 Kf7 27. Rad1 Rh8 28.
Qg5 Qe7 29. Bf4 Rh5 30. Qxe7+ Kxe7 31. Rd6 Be8 32. Nc4 c5 33. Rfd1 Rc8 34. Rb1
b6 35. Rdd1 Bc6 36. Rh1 Rch8 37. Rxh5 Rxh5 38. Nd6 Rh8 39. Nc4 Ba8 40. Nd6 Rb8
41. c4 g3+ 42. Bxg3 Bc6 43. Rh1 Be8 44. Rh7+ Kf8 45. Bh4 Kg8 46. Re7 Bc6 47.
Bf6 b5 48. Rg7+ Kf8 49. Rh7 1-0

[Event "4NCL Division 4 South"]
[Site "Daventry, ENG"]
[Date "2019.04.13"]
[Round "7.23"]
[White "Combie, Alex B"]
[Black "Westrap, Christian F"]
[Result "1/2-1/2"]
[WhiteElo "2005"]
[BlackElo "2035"]
[PlyCount "96"]
[EventDate "2019.04.13"]
[WhiteTeam "Ashfield 1"]
[BlackTeam "Wessex B"]

1. d4 Nf6 2. c4 e6 3. g3 d5 4. Bg2 Be7 5. Nf3 O-O 6. O-O dxc4 7. Qa4 a6 8. Qxc4
b5 9. Qc2 Bb7 10. Bd2 Be4 11. Qc1 Bd6 12. Bg5 Nbd7 13. Nbd2 Bb7 14. e4 Be7 15.
Qc2 h6 16. Bxf6 Nxf6 17. a3 b4 18. Rfe1 Nd7 19. Nb3 bxa3 20. bxa3 c5 21. Qd2 a5
22. Rab1 cxd4 23. Nfxd4 Bxa3 24. Nxa5 Qxa5 25. Qxa5 Rxa5 26. Rxb7 Nc5 27. Rb5
Rxb5 28. Nxb5 Bb2 29. Re2 Bf6 30. e5 Rb8 31. exf6 Rxb5 32. fxg7 Rb1+ 33. Bf1
Kxg7 34. f4 Nb3 35. Kf2 Nd4 36. Ra2 Rc1 37. Bd3 Rc7 38. Ke3 Nb3 39. Rb2 Rc3 40.
Rc2 Rxc2 41. Bxc2 Nc5 42. Kd4 Nd7 43. g4 Kf6 44. h4 e5+ 45. fxe5+ Nxe5 46. g5+
hxg5 47. hxg5+ Kxg5 48. Kxe5 f6+ 1/2-1/2

[Event "4NCL Division 4 South"]
[Site "Daventry, ENG"]
[Date "2019.04.13"]
[Round "7.24"]
[White "Anderson, Peter W"]
[Black "Naylor, Michael A"]
[Result "1/2-1/2"]
[WhiteElo "1978"]
[BlackElo "1975"]
[PlyCount "113"]
[EventDate "2019.04.13"]
[WhiteTeam "Wessex B"]
[BlackTeam "Ashfield 1"]

1. d4 d5 2. c4 e6 3. Nc3 Be7 4. Nf3 Nf6 5. Bg5 O-O 6. e3 h6 7. Bxf6 Bxf6 8. Qd2
c5 9. cxd5 cxd4 10. Nxd4 exd5 11. Be2 Nc6 12. O-O Be6 13. Rfd1 Qa5 14. Nxc6
bxc6 15. Ne4 Bd8 16. Qxa5 Bxa5 17. Nc5 Rab8 18. b3 Rfc8 19. Rac1 Kf8 20. g4 Ke7
21. Kg2 f6 22. Bf3 Bb4 23. Nxe6 Kxe6 24. e4 c5 25. Rxd5 Rd8 26. Rcd1 Rxd5 27.
Rxd5 Rb6 28. g5 Rd6 29. gxh6 gxh6 30. Bg4+ Ke7 31. Rxd6 Kxd6 32. f4 Bd2 33. Kf3
Bc1 34. Bf5 Bd2 35. Kg4 a5 36. Bc8 Bc1 37. Kf5 Bb2 38. h3 Bc3 39. h4 Bd2 40.
Bb7 Bc1 41. e5+ fxe5 42. fxe5+ Ke7 43. Ke4 Bd2 44. Kd5 Bb4 45. Bc8 Ba3 46. Bg4
Bb4 47. h5 Ba3 48. Kc6 Kd8 49. Kb5 Bb4 50. Ka4 Kc7 51. a3 Bc3 52. Kb5 Bxe5 53.
Kxa5 Bb2 54. a4 Kb7 55. Kb5 Bd4 56. Kc4 Bf2 57. Kb5 1/2-1/2

[Event "4NCL Division 4 South"]
[Site "Daventry, ENG"]
[Date "2019.04.13"]
[Round "7.25"]
[White "Walker, Andrew N"]
[Black "Pentakota, Rajasekhar"]
[Result "1/2-1/2"]
[WhiteElo "1952"]
[BlackElo "1915"]
[PlyCount "51"]
[EventDate "2019.04.13"]
[WhiteTeam "Ashfield 1"]
[BlackTeam "Wessex B"]

1. e4 c5 2. Nc3 e6 3. g3 Nc6 4. Bg2 g6 5. d3 Bg7 6. Be3 Nd4 7. Nce2 Ne7 8. c3
Nxe2 9. Nxe2 d6 10. Qd2 h5 11. h4 Bd7 12. O-O Rc8 13. Nf4 Bc6 14. Nh3 b6 15. d4
O-O 16. Bh6 d5 17. dxc5 bxc5 18. Bxg7 Kxg7 19. exd5 Bxd5 20. Rfd1 Qb6 21. Nf4
Bxg2 22. Nxg2 Rfd8 23. Qe2 Nf5 24. b3 Rc6 25. Rxd8 Qxd8 26. Rd1 1/2-1/2

[Event "4NCL Division 4 South"]
[Site "Daventry, ENG"]
[Date "2019.04.13"]
[Round "7.26"]
[White "Weatherlake, John P"]
[Black "Burke, Steven J"]
[Result "1-0"]
[WhiteElo "1922"]
[BlackElo "1952"]
[PlyCount "95"]
[EventDate "2019.04.13"]
[WhiteTeam "Wessex B"]
[BlackTeam "Ashfield 1"]

1. d4 d6 2. Nc3 e5 3. dxe5 dxe5 4. Qxd8+ Kxd8 5. f4 Bb4 6. fxe5 Bxc3+ 7. bxc3
Nc6 8. Bg5+ Ke8 9. Nf3 Nge7 10. O-O-O a6 11. Bf4 Be6 12. Kb2 Ng6 13. Bg3 h6 14.
h3 Rd8 15. Rxd8+ Kxd8 16. e3 Na5 17. Nd2 Nc6 18. Nf3 Na5 19. Bd3 Nc4+ 20. Bxc4
Bxc4 21. Nd4 Be6 22. e4 Re8 23. Re1 Ne7 24. Rd1 Kc8 25. Nxe6 fxe6 26. Rf1 Ng6
27. Rf3 Rf8 28. Bh2 Kd7 29. Rg3 Nxe5 30. Rxg7+ Nf7 31. Bf4 Kc6 32. Rg6 Nd6 33.
Bxd6 Kxd6 34. Rxh6 Rf4 35. g4 Rxe4 36. g5 Ke5 37. h4 Rg4 38. g6 b5 39. h5 Kf6
40. Rh7 e5 41. Rxc7 Kg5 42. Rh7 Kf6 43. Ra7 Kg5 44. Rxa6 Kxh5 45. Re6 e4 46. g7
Rxg7 47. Rxe4 Rb7 48. Rb4 1-0

[Event "4NCL Division 4 South"]
[Site "Daventry, ENG"]
[Date "2019.04.13"]
[Round "7.31"]
[White "Davis, Lee"]
[Black "Smith, Olivia"]
[Result "1/2-1/2"]
[WhiteElo "1919"]
[BlackElo "2110"]
[PlyCount "94"]
[EventDate "2019.04.13"]
[WhiteTeam "West is Best 3"]
[BlackTeam "Fischer's Catch"]

1. d4 Nf6 2. g3 g6 3. Bg2 Bg7 4. Nf3 O-O 5. O-O d6 6. c4 Nc6 7. Nc3 a6 8. h3 e5
9. d5 Na5 10. Nd2 c5 11. Rb1 Bf5 12. e4 Bd7 13. b3 b5 14. Re1 b4 15. Ne2 Nb7
16. Nf1 a5 17. f4 Ne8 18. Ne3 f5 19. exf5 gxf5 20. Bb2 Ra6 21. Qd2 a4 22. Rf1
Qc8 23. Kh2 axb3 24. axb3 Ra2 25. Nc1 Rxb2 26. Rxb2 exf4 27. gxf4 Bxb2 28. Qxb2
Qd8 29. Bf3 Qf6 30. Rg1+ Ng7 31. Qxf6 Rxf6 32. Ne2 Na5 33. Rb1 Rf8 34. Nc1 Re8
35. Ng2 Nb7 36. Ra1 Rb8 37. Ra7 Be8 38. Ne2 Kf7 39. Ng3 Kf6 40. Nh4 Bg6 41. Bd1
Nd8 42. Kg2 Rb7 43. Rxb7 Nxb7 44. Kf2 Nd8 45. Ke3 Nf7 46. Kf2 Nd8 47. Ke3 Nf7
1/2-1/2

[Event "4NCL Division 4 South"]
[Site "Daventry, ENG"]
[Date "2019.04.13"]
[Round "7.32"]
[White "Rathbone-Jones, Ifan"]
[Black "Spencer, Douglas"]
[Result "0-1"]
[WhiteElo "1952"]
[BlackElo "1968"]
[PlyCount "116"]
[EventDate "2019.04.13"]
[WhiteTeam "Fischer's Catch"]
[BlackTeam "West is Best 3"]

1. d4 d5 2. c4 e6 3. Nc3 c6 4. Nf3 dxc4 5. e4 b5 6. a4 Bb4 7. Bd2 a5 8. axb5
Bxc3 9. bxc3 cxb5 10. Qb1 Ba6 11. Be2 Ne7 12. O-O O-O 13. Rd1 a4 14. h4 Nbc6
15. Bf4 Na5 16. h5 Nb3 17. Ra3 Bb7 18. h6 g6 19. Bg5 f6 20. Bh4 g5 21. Bg3 Ng6
22. Ne1 f5 23. f3 f4 24. Bf2 Ne7 25. Nc2 Rf6 26. Nb4 Rxh6 27. g4 Rf6 28. d5 e5
29. Kg2 Nc8 30. Rh1 Qf8 31. Rh5 Qg7 32. Bd1 Rh6 33. Rxh6 Qxh6 34. Ra2 Nd6 35.
Re2 Qg6 36. Bc2 Kg7 37. Re1 Rh8 38. Qd1 h5 39. gxh5 Qxh5 40. Rh1 Qxh1+ 41. Qxh1
Rxh1 42. Kxh1 Kf6 43. Bb6 Ke7 44. Kg2 Nd2 45. Kf2 g4 46. fxg4 N2xe4+ 47. Kf3
Ng5+ 48. Kg2 Nde4 49. Bc7 f3+ 50. Kf1 Ng3+ 51. Kf2 N3e4+ 52. Kf1 Nd2+ 53. Ke1
Nge4 54. Bxe4 Nxe4 55. Bxe5 a3 56. Na2 Bxd5 57. Bf4 Be6 58. Bc1 f2+ 0-1

[Event "4NCL Division 4 South"]
[Site "Daventry, ENG"]
[Date "2019.04.13"]
[Round "7.33"]
[White "Davies, Matthew"]
[Black "Thorpe, Thomas"]
[Result "1/2-1/2"]
[WhiteElo "1933"]
[BlackElo "1914"]
[PlyCount "100"]
[EventDate "2019.04.13"]
[WhiteTeam "West is Best 3"]
[BlackTeam "Fischer's Catch"]

1. d4 e6 2. c4 f5 3. g3 Nf6 4. Bg2 Be7 5. Nf3 d6 6. O-O O-O 7. b3 a5 8. Bb2 Ne4
9. Nfd2 Nxd2 10. Nxd2 Nc6 11. d5 Ne5 12. dxe6 c6 13. Nf3 Nxf3+ 14. Bxf3 Bf6 15.
Bxf6 Rxf6 16. e3 Bxe6 17. Qd4 Qe7 18. Rfd1 Bf7 19. a4 Be8 20. Ra2 Kh8 21. Rad2
c5 22. Qf4 Rd8 23. Rd5 g6 24. h4 Bc6 25. R5d2 Re6 26. Bd5 Re5 27. Qg5 Qxg5 28.
hxg5 Bxd5 29. Rxd5 Rxd5 30. Rxd5 Kg7 31. Kg2 Kf7 32. Kf3 Ke6 33. Kf4 b6 34. Kf3
$11 Rf8 35. Kf4 Rf7 36. Rd1 Rf8 37. f3 Rf7 38. Rd5 Rf8 39. Rd1 Rf7 40. Rd2 Rf8
41. Rd1 Rd8 42. Rd5 Rh8 43. g4 fxg4 44. Kxg4 h5+ 45. gxh6 Rxh6 46. f4 Rh1 47.
e4 Rg1+ 48. Kf3 Rf1+ 49. Kg4 Rg1+ 50. Kf3 Rf1+ 1/2-1/2

[Event "4NCL Division 4 South"]
[Site "Daventry, ENG"]
[Date "2019.04.13"]
[Round "7.34"]
[White "Staniforth, Matthew"]
[Black "Gregory, Andrew M"]
[Result "1/2-1/2"]
[WhiteElo "1945"]
[BlackElo "1933"]
[PlyCount "85"]
[EventDate "2019.04.13"]
[WhiteTeam "Fischer's Catch"]
[BlackTeam "West is Best 3"]

1. e4 e6 2. d4 d5 3. Nc3 dxe4 4. Nxe4 Be7 5. Nf3 Nf6 6. Nxf6+ Bxf6 7. c3 O-O 8.
Bd3 Nd7 9. Be3 Re8 10. Qc2 h6 11. O-O b6 12. Be4 Rb8 13. Rad1 Bb7 14. Bh7+ Kh8
15. Ne5 Bxe5 16. dxe5 Qe7 17. Bf4 Rbd8 18. b4 g6 19. Bxg6 fxg6 20. Qxg6 Qg7 21.
Qxh6+ Qxh6 22. Bxh6 Rg8 23. f3 Nxe5 24. Bf4 Nxf3+ 25. Kf2 e5 26. Bg3 Nd2 27.
Bxe5+ Kh7 28. Rg1 Ne4+ 29. Ke3 Nd6 30. Bxd6 Rxd6 31. Rxd6 cxd6 32. g4 Rd8 33.
Kf2 Rf8+ 34. Ke3 Rf3+ 35. Kd4 Rf2 36. h4 Rg2 37. Rxg2 Bxg2 38. Ke3 Kg6 39. Kf4
Bd5 40. a3 Bc4 41. Ke3 Be6 42. Kd4 Kf6 43. g5+ 1/2-1/2

[Event "4NCL Division 4 South"]
[Site "Daventry, ENG"]
[Date "2019.04.13"]
[Round "7.35"]
[White "Fowler, Hugo"]
[Black "Roper, Paul"]
[Result "0-1"]
[WhiteElo "1819"]
[BlackElo "1651"]
[PlyCount "68"]
[EventDate "2019.04.13"]
[WhiteTeam "West is Best 3"]
[BlackTeam "Fischer's Catch"]

1. e4 Nf6 2. e5 Nd5 3. d4 d6 4. c4 Nb6 5. f4 dxe5 6. fxe5 c5 7. Nf3 cxd4 8.
Qxd4 Bd7 9. Nc3 Nc6 10. Qe4 g6 11. Be2 Bf5 12. Qf4 Nb4 13. O-O Nd3 14. Bxd3
Bxd3 15. Rd1 Nxc4 16. Ng5 f6 17. exf6 exf6 18. Re1+ Be7 19. Qxf6 Rf8 20. Qxf8+
Kxf8 21. Ne6+ Kf7 22. Nxd8+ Rxd8 23. Rxe7+ Kxe7 24. Bg5+ Ke8 25. Bxd8 Kxd8 26.
b3 Ne5 27. Re1 Nc6 28. Rd1 Ne5 29. Ne4 Kc7 30. Nc5 Bf5 31. Re1 Nc6 32. Kf2 b6
33. Ne4 Nb4 34. Ke3 Nc2+ 0-1